Polstoročie konzervatórií Žilina

Bibliographic Details
Main Author: Glasnák, Ján (Author)
Format: Article
Language:Slovak
ISSN:1335-4140
Subjects:

MARC

LEADER 00000nab a2200000 a 4500
001 vtls000780255
003 SK-MaSNL
005 20260305025420.0
008 250429c2001 xo 0 slo
015 |a SNBRB2002/01-02331 
035 |a CLN000132007 
035 |a urn:nbn:sk:snk-ab21bl 
035 |a (urnnbn)urn:nbn:sk:snk:ar-a01ehc 
035 |a (uuid)36f9ee1d-8af2-4d0b-b019-327deff30b42 
040 |a SNKBUCL  |b slo  |c SNKBUCL  |e AACR2 
041 0 |a slo 
044 |a xo  |c SK 
080 |a 373.5:7(437.6)  |2 1997 
100 1 |a Glasnák, Ján  |4 aut  |9 1605625 
245 1 0 |a Polstoročie konzervatórií  |b Žilina  |c Ján Glasnák 
610 7 |a Konzervatórium (Žilina, Slovensko)  |2 snkbucl  |9 32248 
651 7 |a Žilina (Slovensko : okres)  |2 snkbucl  |9 56327 
655 7 |a články z novín a časopisov  |2 snkbucl  |9 267496 
773 0 |t Hudobný život  |g Roč. 33, č. 11 (2001), s. 6  |x 1335-4140 
850 |a Slovenská národná knižnica 
852 |a Slovenská národná knižnica 
954 |a odborná, vedecká literatúra pôvodná (slovenská)  |2 lita 
958 |a article27 
958 |a OND 
958 |a SK 
958 |a EUIPO 
992 |a RBX 
999 |c 3305599  |d 3307529